Arctic Science, International Law and Climate Change [electronic resource] : Legal Aspects of Marine Science in the Arctic Ocean / edited by Susanne Wasum-Rainer, Ingo Winkelmann, Katrin Tiroch.
Record details
- ISBN: 9783642242038
- Physical Description: XIX, 374p. 36 illus., 30 illus. in color. online resource.
- Publisher: Berlin, Heidelberg : Springer Berlin Heidelberg, 2012.
Search for related items by subject
| Subject: | Law. Climatic changes. Environmental law. Law. International Environmental Law. Environmental Law/Policy/Ecojustice. Climate Change. |
Search for related items by series
- Beiträge zum ausländischen öffentlichen Recht und Völkerrecht, Veröffentlichungen des Max-Planck-Instituts für ausländisches öffentliches Recht und Völkerrecht, 0172-4770 ; 235
- Beiträge zum ausländischen öffentlichen Recht und Völkerrecht, Veröffentlichungen des Max-Planck-Instituts für ausländisches öffentliches Recht und Völkerrecht, 0172-4770 ; 235
Electronic resources
| LDR | 02008nam a22004335i 4500 | ||
|---|---|---|---|
| 001 | 41430 | ||
| 003 | CONS | ||
| 005 | 20130726172754.0 | ||
| 007 | cr nn 008mamaa | ||
| 008 | 120613s2012 gw | s |||| 0|eng d | ||
| 020 | . | ‡a9783642242038 ‡9978-3-642-24203-8 | |
| 024 | 7 | . | ‡a10.1007/978-3-642-24203-8 ‡2doi |
| 035 | . | ‡a(DE-He213)978-3-642-24203-8 | |
| 050 | 4. | ‡aK3581-3598.22 | |
| 072 | 7. | ‡aLBBP ‡2bicssc | |
| 072 | 7. | ‡aLAW051000 ‡2bisacsh | |
| 100 | 1 | . | ‡aWasum-Rainer, Susanne. ‡eeditor. |
| 245 | 1 | 0. | ‡aArctic Science, International Law and Climate Change ‡h[electronic resource] : ‡bLegal Aspects of Marine Science in the Arctic Ocean / ‡cedited by Susanne Wasum-Rainer, Ingo Winkelmann, Katrin Tiroch. |
| 264 | 1. | ‡aBerlin, Heidelberg : ‡bSpringer Berlin Heidelberg, ‡c2012. | |
| 300 | . | ‡aXIX, 374p. 36 illus., 30 illus. in color. ‡bonline resource. | |
| 336 | . | ‡atext ‡btxt ‡2rdacontent | |
| 337 | . | ‡acomputer ‡bc ‡2rdamedia | |
| 338 | . | ‡aonline resource ‡bcr ‡2rdacarrier | |
| 347 | . | ‡atext file ‡bPDF ‡2rda | |
| 490 | 1 | . | ‡aBeiträge zum ausländischen öffentlichen Recht und Völkerrecht, Veröffentlichungen des Max-Planck-Instituts für ausländisches öffentliches Recht und Völkerrecht, ‡x0172-4770 ; ‡v235 |
| 650 | 0. | ‡aLaw. | |
| 650 | 0. | ‡aClimatic changes. | |
| 650 | 0. | ‡aEnvironmental law. | |
| 650 | 1 | 4. | ‡aLaw. |
| 650 | 2 | 4. | ‡aInternational Environmental Law. |
| 650 | 2 | 4. | ‡aEnvironmental Law/Policy/Ecojustice. |
| 650 | 2 | 4. | ‡aClimate Change. |
| 700 | 1 | . | ‡aWinkelmann, Ingo. ‡eeditor. |
| 700 | 1 | . | ‡aTiroch, Katrin. ‡eeditor. |
| 710 | 2 | . | ‡aSpringerLink (Online service) |
| 773 | 0 | . | ‡tSpringer eBooks |
| 776 | 0 | 8. | ‡iPrinted edition: ‡z9783642242021 |
| 830 | 0. | ‡aBeiträge zum ausländischen öffentlichen Recht und Völkerrecht, Veröffentlichungen des Max-Planck-Instituts für ausländisches öffentliches Recht und Völkerrecht, ‡x0172-4770 ; ‡v235 | |
| 856 | 4 | 0. | ‡uhttp://biblioteca.ipicyt.edu.mx:2048/login?url=http://dx.doi.org/10.1007/978-3-642-24203-8 ‡yTexto completo ‡9CONS |
| 950 | . | ‡aHumanities, Social Sciences and Law (Springer-11648) | |
| 901 | . | ‡a41430 ‡b ‡c41430 ‡tbiblio ‡sSystem Local | |